Голубая земля: роман

Dades bibliogràfiques
Autor principal: Вальцева А. В. Анна Витальевна
Sumari:Исключено из фонда НТБ ТПУ
Idioma:rus
Publicat: Москва, Советский писатель, 1966
Format: Llibre
KOHA link:https://koha.lib.tpu.ru/cgi-bin/koha/opac-detail.pl?biblionumber=73957

MARC

LEADER 00000nam0a2200000 4500
001 73957
005 20231031084829.0
035 |a (RuTPU)RU\TPU\book\78890 
090 |a 73957 
100 |a 20050224d1966 m y0rusy50 ca 
101 0 |a rus 
102 |a RU 
105 |a a z 000ay 
200 1 |a Голубая земля  |e роман  |f А. В. Вальцева 
210 |a Москва  |c Советский писатель  |d 1966 
215 |a 447 с.  |c ил. 
333 |a Исключено из фонда НТБ ТПУ 
700 1 |a Вальцева  |b А. В.  |g Анна Витальевна 
801 1 |a RU  |b 63413507  |c 20050224  |g PSBO 
801 2 |a RU  |b 63413507  |c 20110208  |g PSBO 
942 |c BK